Jesús-Christ

Gorde:
Xehetasun bibliografikoak
Egile nagusia: Veuillot, Louis (Egilea)
Formatua: Liburua
Hizkuntza:frantsesa
Argitaratua: París Firmin-Didot 1875
Edizioa:1a. ed
Gaiak:
Etiketak: Etiketa erantsi
Etiketarik gabe, Izan zaitez lehena erregistro honi etiketa jartzen!

MARC

LEADER 00000cam a2200000 a 4500
001 UCD3508
003 CL-VaPUC
008 160609e18750000fr |||||||||||||||||fre|d
082 0 4 |a 232  |b VEU  |2 21 
100 0 |a Veuillot, Louis  |e author  |9 587017 
245 1 0 |a Jesús-Christ 
246 1 0 |a Etude sur l'art chretien 
250 |a 1a. ed 
300 |a 570 p 
942 |c BK 
945 |d 20160609 22:21:00  |a dcastane 
260 |a París  |b Firmin-Didot  |c 1875 
650 0 |a Vida de Jesús  |9 478097 
650 0 |a Cristología   |9 315091 
650 0 |a Arte cristiano  |9 265204 
583 |a last modification  |c 20160609 22:21:00  |k Rodrigo Vera 
999 |c 364544  |d 364542 
952 |0 0  |1 0  |3 erd  |4 0  |6 232_000000000000000_VEU_1875  |7 0  |8 X  |9 477867  |a BIBTEO  |b BIBTEO  |c TEO_FFR  |i 523641K  |o 232 VEU 1875  |p 523641K  |r 2024-01-18  |w 2019-11-24  |y BK_X  |z Catalogado en:20160609  |k OFM